| 000 | 00982nac a22002777a 4500 | ||
|---|---|---|---|
| 001 | BR7906427 | ||
| 003 | BR-BrBNA | ||
| 005 | 20240105114518.0 | ||
| 008 | 230509b bl.|||m| |||| 00| 0 por d | ||
| 040 |
_aBR-BrBNA _bpor _cBiblioteca Nacional de Agricultura |
||
| 072 | _aL30 | ||
| 090 | _a6100 BR7906427 | ||
| 100 | 1 | _aEspindola, G.B. | |
| 110 | 1 |
_aEscola Superior de Agricultura de Mossoro, RN (Brasil); _94362 |
|
| 110 | 1 |
_aUniversidade Federal de Santa Maria, RS (Brasil) _99701 |
|
| 245 | 1 | _aSubstituicao da farinha de peixe por sub-produtos da industria avicola na alimentacao de frangos de corte | |
| 260 | 3 |
_aSanta Maria, RS (Brasil): _c1979. |
|
| 300 | _a76 p. | ||
| 490 |
_aColecao Mossoroense. Serie A (Brazil) _vno. 15 _x |
||
| 500 | _a32 tables; Bibliography p. 57-63 (78 ref.); 9 illus.; Summaries (En, Pt) | ||
| 502 | _aTese (Mestre) | ||
| 650 | _aFRANGO | ||
| 650 | _aRACAO | ||
| 909 |
_a202312 _bLúcia Elande _c55 _dLúcia Elande |
||
| 942 |
_2AGRIS _n0 _cMS |
||
| 999 |
_c269766 _d269766 |
||